=LDR 00000nam 2200000 4500 =001 INLIS000000000056939 =005 20201218082944 =035 ##$$a 0010-1120000010 =007 ta =008 201218################g##########0#ind## =020 ##$$a 979-523-134-0 =082 ##$$a 320 =084 ##$$a 320 MON s =100 #$$a Montesquieu =245 1#$$a Surat-surat dari persia /$c Montesquieu =260 ##$$a Jakarta :$b Dian Rakyat,$c 1992 =300 ##$$a iii, 124 hlm. ; $c 14x20,5 cm. =600 #4$$a Ilmu Politik =990 ##$$a 77.859 pro.94